000 00550nam a2200181 i 4500
001 61972
003 ES-MaACL
005 20230906164600.0
007 t|
008 031117s1922 sp ||||1| spa d
100 1 _aFalke, Otto von.
_948751
245 1 0 _aHistoria del tejido de seda /
_cpor Otto von Falke.
250 _aNueva ed.
_btraducida por Diego Angulo Iñiguez.
260 _aBarcelona :
_bCasellas Moncanut Hnos.,
_c1922.
300 _a44 p., 526 grab. ;
_c37 p.
700 1 _aAngulo Iñiguez, Diego.
_921788
852 _aES-MaACL
_jC-1404
999 _c61972
_d61972